[Event "Regionalliga SW 1112"]
[Site "Bayern"]
[Date "2012.04.15"]
[Round "9.8"]
[White "Reichel, Manfred"]
[Black "Getfert, Harald"]
[Result "1/2-1/2"]
[WhiteElo "1884"]
[BlackElo "1888"]
[PlyCount "108"]
[EventDate "2011.10.02"]
[EventType "team-tourn"]
[EventRounds "9"]
[EventCountry "GER"]
[SourceTitle "EXT 2015"]
[Source "ChessBase"]
[SourceDate "2014.11.20"]
[SourceVersion "1"]
[SourceVersionDate "2014.11.20"]
[SourceQuality "1"]
[WhiteTeam "Haar"]
[BlackTeam "Muenchen Siemens"]
[WhiteTeamCountry "GER"]
[BlackTeamCountry "GER"]

1. Nf3 Nf6 2. d4 e6 3. e3 b6 4. Bd3 Bb7 5. 0-0 Be7 6. Nbd2 d5 7. Qe2 0-0 8. Ne5 c5 9. c3 Nbd7 10. Ndf3 Qc7 11. Re1 Bd6 12. Nxd7 Qxd7 13. Ne5 Qc7 14. f4 Bxe5 15. fxe5 Ne4 16. Qg4 Qe7 17. Rf1 f5 18. Qe2 Bc6 19. Bd2 Qg5 20. Rf4 c4 21. Bxe4 fxe4 22. Raf1 Rf5 23. g4 Raf8 24. Kh1 R5f7 25. Qg2 b5 26. Qg3 Qe7 27. g5 Rf5 28. Rxf5 Rxf5 29. Rxf5 exf5 30. Qf4 Qe6 31. Be1 a5 32. h4 Qg6 33. Kg2 Bd7 34. e6 Qxe6 35. Bg3 Kf7 36. h5 h6 37. g6+ Ke8 38. Qb8+ Bc8 39. Qxb5+ Qd7 40. Qxd7+ Bxd7 41. Bd6 Bc6 42. Kg3 Ba4 43. Kf4 Bd1 44. Kxf5 Bxh5 45. a4 Bd1 46. Bc7 Bxa4 47. Bxa5 Kf8 48. Ke6 Bc6 49. Bd8 Bb7 50. Kd6 Kg8 51. Kc7 Ba8 52. Be7 Kh8 53. Kd8 Kg8 54. Kc7 Kh8 1/2-1/2

[Event "Regionalliga SW 9899"]
[Site "Bayern"]
[Date "1999.??.??"]
[Round "4.8"]
[White "Kupfahl, Wolfgang"]
[Black "Reichel, Manfred"]
[Result "0-1"]
[WhiteElo "1975"]
[BlackElo "1854"]
[PlyCount "79"]
[EventDate "1998.??.??"]
[EventType "team-tourn"]
[EventRounds "9"]
[EventCountry "GER"]
[SourceTitle "EXT 2020"]
[Source "ChessBase"]
[SourceDate "2019.10.17"]
[SourceVersion "1"]
[SourceVersionDate "2019.10.17"]
[SourceQuality "1"]
[WhiteTeam "Muenchen Suedost"]
[BlackTeam "Haar"]
[WhiteTeamCountry "GER"]
[BlackTeamCountry "GER"]

1. e4 d6 2. d4 g6 3. Nf3 Bg7 4. c4 Nf6 5. Nc3 0-0 6. Be2 Nc6 7. 0-0 e5 8. d5 Ne7 9. h3 Nh5 10. Re1 Kh8 11. Bf1 f5 12. exf5 Nxf5 13. Ne4 Nd4 14. Nxd4 exd4 15. Bg5 Qd7 16. Qd2 Qf7 17. Rad1 Bf5 18. g4 Bxe4 19. Rxe4 Nf6 20. Re6 Ng8 21. Bg2 h6 22. Bh4 Rae8 23. Rde1 Be5 24. Bg3 Rxe6 25. dxe6 Qg7 26. Bxb7 c5 27. Bg2 g5 28. Qd3 Bf4 29. b3 Ne7 30. Be4 Qe5 31. Re2 Bxg3 32. Qxg3 Rf4 33. Qd3 Qxe6 34. Bd5 Qf6 35. Qd2 Kg7 36. Re6 Qf8 37. Qe1 Ng6 38. Qd2 Ne5 39. Kg2 h5 40. Qe2 0-1

[Event "Regionalliga SW 9899"]
[Site "Bayern"]
[Date "1999.??.??"]
[Round "6.8"]
[White "Reichel, Manfred"]
[Black "Tuerschmann, Steffen"]
[Result "1-0"]
[WhiteElo "1854"]
[BlackElo "1955"]
[PlyCount "71"]
[EventDate "1998.??.??"]
[EventType "team-tourn"]
[EventRounds "9"]
[EventCountry "GER"]
[SourceTitle "EXT 2020"]
[Source "ChessBase"]
[SourceDate "2019.10.17"]
[SourceVersion "1"]
[SourceVersionDate "2019.10.17"]
[SourceQuality "1"]
[WhiteTeam "Haar"]
[BlackTeam "Augsburg SG 1873"]
[WhiteTeamCountry "GER"]
[BlackTeamCountry "GER"]

1. Nf3 Nf6 2. d4 g6 3. e3 Bg7 4. b3 0-0 5. Bb2 d5 6. Be2 Bg4 7. Nbd2 Nbd7 8. 0-0 Rc8 9. c4 c6 10. Rc1 Re8 11. Ne5 Bxe2 12. Qxe2 e6 13. Rfd1 Qe7 14. a4 Red8 15. Rc2 Nxe5 16. dxe5 Nd7 17. f4 dxc4 18. Nxc4 Nb6 19. Nd6 Ra8 20. a5 Nc8 21. Ne4 a6 22. Rcd2 Na7 23. Qf2 Nb5 24. h3 Rac8 25. Nf6+ Bxf6 26. exf6 Qf8 27. Rd7 Rxd7 28. Rxd7 Rc7 29. Qd2 Rxd7 30. Qxd7 Qa8 31. Be5 Na7 32. Bc7 Qc8 33. Qe7 Nb5 34. Bd8 Nc7 35. Bxc7 Qf8 36. b4 1-0

[Event "Regionalliga SW 9899"]
[Site "Bayern"]
[Date "1998.??.??"]
[Round "1.2"]
[White "Reichel, Manfred"]
[Black "Mueller, Christian"]
[Result "1/2-1/2"]
[WhiteElo "1854"]
[BlackElo "1671"]
[PlyCount "100"]
[EventDate "1998.??.??"]
[EventType "team-tourn"]
[EventRounds "9"]
[EventCountry "GER"]
[SourceTitle "EXT 2020"]
[Source "ChessBase"]
[SourceDate "2019.10.17"]
[SourceVersion "1"]
[SourceVersionDate "2019.10.17"]
[SourceQuality "1"]
[WhiteTeam "Haar"]
[BlackTeam "Noerdlingen"]
[WhiteTeamCountry "GER"]
[BlackTeamCountry "GER"]

1. Nf3 d5 2. d4 c5 3. e3 Nf6 4. Be2 Nc6 5. 0-0 e6 6. b3 Be7 7. Bb2 0-0 8. Nbd2 b6 9. c4 Bb7 10. Rc1 cxd4 11. exd4 Ne4 12. cxd5 exd5 13. Ne5 Nxe5 14. dxe5 Rc8 15. Rxc8 Qxc8 16. Nxe4 dxe4 17. Bc4 Qf5 18. e6 Rd8 19. exf7+ Kf8 20. Qa1 Qg6 21. Rd1 Rxd1+ 22. Qxd1 e3 23. f3 Qd6 24. Qxd6 Bxd6 25. Kf1 b5 26. Bxb5 Kxf7 27. Bc4+ Kg6 28. Ke2 Bxh2 29. Kxe3 h5 30. Kf2 h4 31. Bd4 a6 32. b4 Bg3+ 33. Ke3 Bd6 34. a3 Kh6 35. Bb6 g5 36. Bc5 Bc7 37. Bf8+ Kg6 38. Be7 Bb6+ 39. Ke2 Bc7 40. a4 Kf5 41. Bc5 g4 42. fxg4+ Kxg4 43. Kf2 Bg3+ 44. Kf1 Be5 45. b5 axb5 46. Bxb5 Kg3 47. Bf2+ Kh2 48. Bxh4 Bxg2+ 49. Ke2 Bc7 50. Kd3 Bd5 1/2-1/2